Central Library OPAC University of Rajshahi
Normal view MARC view

Entry Personal Name

Number of records used in: 1

001 - CONTROL NUMBER

  • control field: 1082

003 - CONTROL NUMBER IDENTIFIER

  • control field: BD-RjUL

005 - DATE AND TIME OF LATEST TRANSACTION

  • control field: 20220202122209.0

008 - FIXED-LENGTH DATA ELEMENTS

  • fixed length control field: 220202|| aca||aabn | a|a d

040 ## - CATALOGING SOURCE

  • Original cataloging agency: BD-RjUL
  • Transcribing agency: BD-RjUL

100 ## - HEADING--PERSONAL NAME

  • Personal name: কায়েস, ইমরুল

670 ## - SOURCE DATA FOUND

  • Source citation: Work cat.: (BD-RjUL)79310: কায়েস, ইমরুল, স্বাধীনতা উওর বাংলাদেশের শিশুতোষ গ্র্র্রন্থের প্রচ্ছদ ও অলংকরণ /, ২০১৩